Countries never qualified for the UEFA Champions League - Statistics

General Stats
  • This quiz has been taken 35 times
  • The average score is 19 of 21
Answer Stats
Country % Correct
Iceland
100%
Liechtenstein
97%
Albania
93%
Andorra
93%
Malta
93%
Montenegro
93%
Armenia
90%
Estonia
90%
Ireland
90%
Kosovo
90%
Latvia
90%
Luxembourg
90%
Northern Ireland
90%
North Macedonia
90%
San Marino
90%
Wales
90%
Bosnia and Herzegovina
87%
Lithuania
87%
Faroe Islands
80%
Georgia
73%
Gibraltar
73%
No matching quizzes found
Score Distribution
Percent of People with Each Score
Percentile by Number Answered
Your Score History
You have not taken this quiz